SSC Napoli Squad 2016-2017 - Statistics

General Stats
  • This quiz has been taken 26 times
  • The average score is 20 of 30
Answer Stats
# Position Nation Player % Correct
2 DF Albania Elseid Hysaj
100%
17 MF Slovakia Marek Hamšík
96%
20 MF Poland Piotr Zielinski
96%
99 FW Poland Arkadiusz Milik
92%
14 FW Belgium Dries Mertens
92%
26 DF Senegal Kalidou Koulibaly
92%
5 MF Brazil Allan
88%
31 DF Algeria Faouzi Ghoulam
88%
7 FW Spain José Callejón
88%
24 FW Italy Lorenzo Insigne
88%
25 GK Spain Pepe Reina
88%
94 FW Italy Roberto Insigne
88%
- Coach Italy Maurizio Sarri
84%
33 DF Spain Raúl Albiol
84%
19 DF Serbia Nikola Maksimović
80%
21 DF Romania Vlad Chiricheș
80%
42 MF Guinea Amadou Diawara
76%
8 MF Italy Jorginho
76%
1 GK Brazil Rafael
68%
3 DF Croatia Ivan Strinić
64%
11 DF Italy Christian Maggio
60%
30 MF Croatia Marko Rog
60%
23 FW Italy Manolo Gabbiadini
48%
77 MF Morocco Omar El Kaddouri
44%
62 DF Italy Lorenzo Tonelli
28%
22 GK Italy Luigi Sepe
28%
4 MF Italy Emanuele Giaccherini
24%
32 FW Italy Leonardo Pavoletti
24%
18 FW Brazil Leandrinho
12%
95 DF Poland Igor Łasicki
8%
No matching quizzes found
Score Distribution
Percent of People with Each Score
Percentile by Number Answered
Your Score History
You have not taken this quiz